000 02271nam0a22004331 4500
001 RU\NLR\bibl\553650
005 20260407102410.0
010 _a5-288-03441-9
021 _aRU
_b2004-48579
_92394
035 _a(NLR Aleph) 000545809
090 _a1441505
_c1441505
100 _a20040917d2004 |||y0rusy50 ca
101 0 _arus
102 _aRU
105 _ac |||||||||
200 1 _aРелигиоведение и востоковедение
_eМатериалы науч. конф., Санкт-Петербург, 20-21 февр. 2004 г.
_fПервые Торчиновские чтения
_g[Сост. и отв. ред. С.В. Пахомов]
210 _aСПб.
_cИзд-во СПбГУ
_d2004
215 _a161, [1] с., [1] л. портр.
_d20
300 _aВ надзаг.: С.-Петерб. гос. ун-т. Филол. фак. Каф. философии и культурологии востока
320 _aБиблиогр. в конце докл.
320 _aСписок науч. и учеб.-метод. тр. Евгения Алексеевича Торчинова : с. 135-157
600 1 _aТорчинов
_bЕ. А.
_f1956 - 2003
_gЕвгений Алексеевич
_jБиобиблиография
_92350359
_3RU\NLR\auth\661404233
606 1 _aРелигия
_jСъезды, совещания и т.п.
_yСтраны Востока
_92210647
_3RU\NLR\auth\661327975
606 1 _aВостоковедение
_jСъезды, совещания и т.п.
_91001606
_3RU\NLR\auth\6662213
686 1 _aТ1(2)74-8я1
686 1 _aЭ239(5)я431
686 1 _aТ3(5)я431
702 1 _4570
_8rus
_7ca
_aТорчинов
_bЕ. А.
_f1956-2003
_gЕвгений Алексеевич
_3RU\NLR\auth\7749195
_932130
702 1 _4340
_8rus
_7ca
_aПахомов
_bС. В.
_gСергей Владимирович
_3RU\NLR\auth\7749194
_932129
711 1 2 _aТорчиновские чтения
_d1
_f2004
_eСанкт-Петербург
_3RU\NLR\AUTH\8810057253
_9615439
801 0 _aRU
_bNLR
_c20040917
_gPSBO
801 1 _aRU
_bNLR
_c20040917
830 _aРед. по ЭК
852 _aNLR
_bОЛСАА-сл-спр
_j2-4704
942 _cBOOK
980 _aNB
980 1 _aSL_SPR